000 00897naa a2200241 4500
005 20090601144839.0
008 090601t xxu||||| |||| 00| 0 eng d
010 _aENG-93811
020 _a9788182092280
_c395.00
020 _a8182092280
_c395.00
035 _aEN-77344
037 _bDBAD / PUB
040 _adpl
_bEnglish
082 _a336.54
100 _aGurusamy, S.
245 _aIndian financial systems /
_cby S. Gurusamy
260 _aNOIDA
_bMcGraw-Hill Education
_c2008
270 _aB-4, Sector-63, Dist., Gautam Budh Nagar
_bNOIDA
_e201301
300 _axiv, 624p.
_c24cm(pbk)
500 _aIncludes bibliographical references and index
942 _adpl
_cEN
_2ddc
_h336.54
_mGUR
999 _c27104
_d27104